000
00317nam a22001337a 4500
008
181207b xxu||||| |||| 00| 0 eng d
020
_a
0201137887
041
_a
eng
080
_a
530
100
_a
43
101
_a
FIZ
245
_a
An Introduction to Numerical Methods with Pascal
_c
Atkinson,L.V
942
_2
udc
_c
BK
999
_c
53020
_d
53020